000 00624nab a2200217 a 4500
001 65949
003 138761
005 20201118110245.0
008 ||||||n9999 ||| || ||
041 _aspa
100 _aRios Navarro, Norberto
245 0 _aOcho razones para no afiliarse a un fondo de pensiones
260 _aBogotá :
_bEscuela Nacional Sindical,
_c1994.
300 _app.19-21
562 _e0
650 _aFONDOS DE PENSIONES Y CESANTIAS
650 _aSISTEMA DE PENSIONES
650 _aSISTEMA GENERAL DE SEGURIDAD SOCIAL EN SALUD
773 _060649
_aCultura & trabajo - No.33
942 _cSART
999 _c65949
_d65949